| 000 | 00538nam a2200169 a 4500 | ||
|---|---|---|---|
| 001 | 000024813 | ||
| 005 | 20200930023403.0 | ||
| 008 | 110204s1972 pn r 000 0 spa d | ||
| 040 |
_aDO-SdBNP _bspa _cBNPHU |
||
| 082 |
_axxxxx _bS814q |
||
| 100 | 1 |
_aSteele, Pablo _950920 |
|
| 245 | 1 | 1 |
_a¿Quiénes son los dueños de América Latina? / _cPablo Steele. |
| 260 |
_aSan José, Costa Rica : _bInstituto Cooperativo Interamericano, _c1972. |
||
| 300 |
_a204 p. ; _c18.5 cm. |
||
| 500 | _aIncluye notas al pie de las páginas. | ||
| 049 | _aBNGR | ||
| 999 |
_c24306 _d24306 |
||